[Event "Mittelfrank Regionalliga Nord-West 2122"]
[Site "Mittelfranken"]
[Date "2021.11.14"]
[Round "2.5"]
[White "Fischer, Oliver"]
[Black "Nuernberger, Stefan"]
[Result "1-0"]
[WhiteElo "2007"]
[BlackElo "1951"]
[PlyCount "87"]
[EventDate "2021.10.24"]
[EventType "team-tourn"]
[EventRounds "9"]
[EventCountry "GER"]
[SourceTitle "EXT 2024"]
[Source "ChessBase"]
[SourceDate "2023.10.10"]
[SourceVersion "1"]
[SourceVersionDate "2023.10.10"]
[SourceQuality "1"]
[WhiteTeam "Hof PTSV"]
[BlackTeam "Marktleuthen"]
[WhiteTeamCountry "GER"]
[BlackTeamCountry "GER"]

1. d4 Nf6 2. Nf3 g6 3. c4 Bg7 4. g3 0-0 5. Bg2 d6 6. 0-0 Nbd7 7. Nc3 e5 8. dxe5 dxe5 9. Qc2 Re8 10. Rd1 c6 11. e4 Qc7 12. h3 Nf8 13. Be3 Be6 14. c5 h6 15. Ne2 Rad8 16. b4 Rxd1+ 17. Rxd1 N8d7 18. Nd2 a5 19. a3 axb4 20. axb4 Ra8 21. Nc4 Ne8 22. Nb6 Nxb6 23. cxb6 Qc8 24. Qd2 Kh7 25. Bc5 Nf6 26. Kh2 Nd7 27. Be3 Bf8 28. Nc1 Be7 29. Nd3 Qf8 30. Qc3 Bd6 31. Nc5 Bxc5 32. Bxc5 Qe8 33. Ra1 f6 34. h4 Kg7 35. Bf1 h5 36. Ra3 Kf7 37. Qa1 Rxa3 38. Qxa3 Nxc5 39. bxc5 Qe7 40. Qa8 Qxc5 41. Qxb7+ Kg8 42. Qa8+ Kh7 43. b7 Qxf2+ 44. Bg2 1-0

[Event "Regionalliga Nord-West 1718"]
[Site "Bayern"]
[Date "2018.03.18"]
[Round "8.6"]
[White "Horther, Heinrich"]
[Black "Nuernberger, Stefan"]
[Result "1/2-1/2"]
[WhiteElo "1934"]
[BlackElo "1980"]
[PlyCount "24"]
[EventDate "2017.10.22"]
[EventType "team-tourn"]
[EventRounds "9"]
[EventCountry "GER"]
[SourceTitle "EXT 2022"]
[Source "ChessBase"]
[SourceDate "2021.10.06"]
[SourceVersion "1"]
[SourceVersionDate "2021.10.06"]
[SourceQuality "1"]
[WhiteTeam "Kronach"]
[BlackTeam "Marktleuthen"]
[WhiteTeamCountry "GER"]
[BlackTeamCountry "GER"]

1. e4 d6 2. d4 Nf6 3. Nc3 g6 4. Nf3 Bg7 5. Be2 0-0 6. 0-0 Nbd7 7. Bf4 Nh5 8. Be3 e5 9. Qd2 c6 10. dxe5 dxe5 11. Rad1 Qe7 12. Qd6 Re8 1/2-1/2

[Event "Regionalliga Nord-West 1718"]
[Site "Bayern"]
[Date "2017.12.10"]
[Round "4.5"]
[White "Nuernberger, Stefan"]
[Black "Moenius, Alexander"]
[Result "1/2-1/2"]
[WhiteElo "1980"]
[BlackElo "1899"]
[PlyCount "92"]
[EventDate "2017.10.22"]
[EventType "team-tourn"]
[EventRounds "9"]
[EventCountry "GER"]
[SourceTitle "EXT 2022"]
[Source "ChessBase"]
[SourceDate "2021.10.06"]
[SourceVersion "1"]
[SourceVersionDate "2021.10.06"]
[SourceQuality "1"]
[WhiteTeam "Marktleuthen"]
[BlackTeam "Hoechstadt/Aisch"]
[WhiteTeamCountry "GER"]
[BlackTeamCountry "GER"]

1. d4 Nf6 2. Nf3 e6 3. e3 c5 4. Bd3 b6 5. Qe2 Bb7 6. Nbd2 Be7 7. c3 Nc6 8. 0-0 0-0 9. dxc5 Bxc5 10. e4 e5 11. b4 Bd6 12. Nc4 Bc7 13. Bg5 h6 14. Bh4 g5 15. Nxg5 hxg5 16. Bxg5 Qe7 17. Ne3 Bd8 18. Qf3 Qd6 19. Nf5 Qe6 20. Bh6 Ne7 21. Bxf8 Kxf8 22. Rfe1 Bc7 23. c4 Nxf5 24. exf5 Qc6 25. Qxc6 Bxc6 26. f3 Bd6 27. a3 a5 28. b5 Bb7 29. Kf1 Re8 30. Re2 e4 31. fxe4 Bxh2 32. Rd1 Bxe4 33. g4 Bxd3 34. Rxd3 Rxe2 35. Kxe2 Nxg4 36. Rxd7 Bg1 37. Rc7 Bc5 38. Kf3 Nf6 39. Rc6 Ke7 40. Kf4 Bg1 41. Rc7+ Ke8 42. Rc6 Nd7 43. Ke4 Bc5 44. a4 Bg1 45. Kd5 Ke7 46. Rc7 Kd8 1/2-1/2

[Event "Regionalliga Nord-West 1718"]
[Site "Bayern"]
[Date "2017.11.26"]
[Round "3.6"]
[White "Nuernberger, Stefan"]
[Black "Boelle, Boris"]
[Result "1/2-1/2"]
[WhiteElo "1980"]
[BlackElo "1920"]
[PlyCount "88"]
[EventDate "2017.10.22"]
[EventType "team-tourn"]
[EventRounds "9"]
[EventCountry "GER"]
[SourceTitle "EXT 2022"]
[Source "ChessBase"]
[SourceDate "2021.10.06"]
[SourceVersion "1"]
[SourceVersionDate "2021.10.06"]
[SourceQuality "1"]
[WhiteTeam "Marktleuthen"]
[BlackTeam "Hof PTSV"]
[WhiteTeamCountry "GER"]
[BlackTeamCountry "GER"]

1. d4 Nf6 2. Nf3 d5 3. e3 e6 4. Bd3 c5 5. c3 Be7 6. 0-0 0-0 7. Nbd2 Nc6 8. dxc5 Bxc5 9. e4 e5 10. Qe2 d4 11. Nb3 Bb6 12. cxd4 Bxd4 13. Nbxd4 Nxd4 14. Nxd4 Qxd4 15. Be3 Qb4 16. a3 Qe7 17. Rac1 b6 18. Bg5 h6 19. Bxf6 Qxf6 20. Rc7 Qd6 21. Rfc1 Be6 22. Ba6 Rfd8 23. h4 Qd2 24. Qxd2 Rxd2 25. b4 Ra2 26. R1c3 Rd8 27. Rf3 Rd1+ 28. Kh2 Rda1 29. Bc8 Rxa3 30. Rxa3 Rxa3 31. Bxe6 fxe6 32. h5 Kf8 33. f3 Rb3 34. Rxa7 Rxb4 35. Rb7 Rb2 36. Kg3 b5 37. Kh3 Rb1 38. Kg3 b4 39. f4 exf4+ 40. Kxf4 b3 41. Ke5 b2 42. Kxe6 Kg8 43. e5 Kh7 44. g4 Kg8 1/2-1/2

[Event "Regionalliga NW 1516"]
[Site "Bayern"]
[Date "2016.02.21"]
[Round "7.6"]
[White "Horther, Heinrich"]
[Black "Nuernberger, Stefan"]
[Result "1/2-1/2"]
[WhiteElo "1905"]
[BlackElo "1986"]
[PlyCount "36"]
[EventDate "2015.10.11"]
[EventType "team-tourn"]
[EventRounds "9"]
[EventCountry "GER"]
[SourceTitle "EXT 2018"]
[Source "ChessBase"]
[SourceDate "2017.10.13"]
[SourceVersion "1"]
[SourceVersionDate "2017.10.13"]
[SourceQuality "1"]
[WhiteTeam "Kronach"]
[BlackTeam "Marktleuthen"]
[WhiteTeamCountry "GER"]
[BlackTeamCountry "GER"]

1. e4 d6 2. d4 Nf6 3. Nc3 g6 4. Nf3 Bg7 5. Be2 0-0 6. 0-0 Nbd7 7. h3 e5 8. dxe5 dxe5 9. Be3 Qe7 10. Nd2 Nc5 11. f3 Ne6 12. Bc4 c6 13. Ne2 Nh5 14. Nb3 Nef4 15. Nxf4 Nxf4 16. Rf2 b5 17. Bf1 Rd8 18. Rd2 Be6 1/2-1/2

[Event "Regionalliga NW 1516"]
[Site "Bayern"]
[Date "2016.01.31"]
[Round "6.6"]
[White "Nuernberger, Stefan"]
[Black "Malzer, Werner"]
[Result "1/2-1/2"]
[WhiteElo "1986"]
[BlackElo "1834"]
[PlyCount "62"]
[EventDate "2015.10.11"]
[EventType "team-tourn"]
[EventRounds "9"]
[EventCountry "GER"]
[SourceTitle "EXT 2018"]
[Source "ChessBase"]
[SourceDate "2017.10.13"]
[SourceVersion "1"]
[SourceVersionDate "2017.10.13"]
[SourceQuality "1"]
[WhiteTeam "Marktleuthen"]
[BlackTeam "Kirchenlaibach"]
[WhiteTeamCountry "GER"]
[BlackTeamCountry "GER"]

1. d4 e6 2. Nf3 d5 3. e3 Nf6 4. Bd3 c5 5. c3 c4 6. Bc2 b5 7. Nbd2 Bb7 8. Qe2 Ne4 9. a4 a6 10. Nxe4 dxe4 11. Nd2 f5 12. axb5 axb5 13. Rxa8 Bxa8 14. b3 Qa5 15. 0-0 cxb3 16. Bxb3 Bd5 17. c4 bxc4 18. Nxc4 Qa6 19. Bb2 Qb7 20. Ba4+ Kf7 21. Ne5+ Kf6 22. Rc1 Bd6 23. Qc2 Rd8 24. h4 h5 25. Qe2 g6 26. Qb5 Rc8 27. Rxc8 Qxc8 28. Qe8 Qxe8 29. Bxe8 Bxe5 30. dxe5+ Kg7 31. Ba3 Bc6 1/2-1/2

[Event "Regionalliga NW 1516"]
[Site "Bayern"]
[Date "2015.12.13"]
[Round "4.6"]
[White "Nuernberger, Stefan"]
[Black "Goetzel, Alfred"]
[Result "1-0"]
[WhiteElo "1986"]
[BlackElo "1709"]
[PlyCount "105"]
[EventDate "2015.10.11"]
[EventType "team-tourn"]
[EventRounds "9"]
[EventCountry "GER"]
[SourceTitle "EXT 2018"]
[Source "ChessBase"]
[SourceDate "2017.10.13"]
[SourceVersion "1"]
[SourceVersionDate "2017.10.13"]
[SourceQuality "1"]
[WhiteTeam "Marktleuthen"]
[BlackTeam "Hoechstadt/Aisch"]
[WhiteTeamCountry "GER"]
[BlackTeamCountry "GER"]

1. d4 e5 2. dxe5 Nc6 3. Nf3 Nge7 4. Bf4 Ng6 5. e3 d6 6. Bg5 Qd7 7. exd6 Bxd6 8. Bd3 Nce5 9. Nc3 Qg4 10. Nxe5 Qxg5 11. Bb5+ Kf8 12. Nxg6+ hxg6 13. Qf3 Bb4 14. Bc4 Qf5 15. Qxf5 Bxf5 16. 0-0-0 Rh4 17. Rd4 g5 18. Nd5 Bd6 19. Rxh4 gxh4 20. h3 c6 21. Nc3 Ke7 22. e4 Bg6 23. f3 f6 24. Ne2 b5 25. Bb3 a5 26. Nd4 Bf4+ 27. Kb1 Be8 28. Nf5+ Kf8 29. Rd1 g5 30. a4 Rb8 31. axb5 cxb5 32. Nd4 Be5 33. Bd5 a4 34. Nc6 Bxc6 35. Bxc6 Rb6 36. Bd7 a3 37. bxa3 Ra6 38. Ka2 b4 39. a4 Ke7 40. Bb5 Ra7 41. Kb3 Rc7 42. Bc4 Rb7 43. Rd5 Rb6 44. a5 Rb7 45. a6 Rc7 46. Kxb4 Bg3 47. Bd3 Bf2 48. c4 Bg1 49. c5 Bf2 50. Kb5 Be3 51. Kb6 Rc8 52. a7 Ke6 53. Kb7 1-0

[Event "Regionalliga NW 1415"]
[Site "Bayern"]
[Date "2015.03.15"]
[Round "8.5"]
[White "Nuernberger, Stefan"]
[Black "Weck, Hans"]
[Result "1/2-1/2"]
[WhiteElo "1986"]
[BlackElo "1962"]
[PlyCount "60"]
[EventDate "2014.10.19"]
[EventType "team-tourn"]
[EventRounds "9"]
[EventCountry "GER"]
[SourceTitle "EXT 2018"]
[Source "ChessBase"]
[SourceDate "2017.10.13"]
[SourceVersion "1"]
[SourceVersionDate "2017.10.13"]
[SourceQuality "1"]
[WhiteTeam "Marktleuthen"]
[BlackTeam "Bad Neustadt"]
[WhiteTeamCountry "GER"]
[BlackTeamCountry "GER"]

1. d4 d6 2. Nf3 g6 3. e4 Bg7 4. Bd3 Nf6 5. 0-0 0-0 6. h3 c5 7. c3 a6 8. a4 Nc6 9. d5 Ne5 10. Nxe5 dxe5 11. Be3 Qc7 12. c4 Nh5 13. Nc3 Nf4 14. a5 Bd7 15. Na4 Bxa4 16. Rxa4 Qd7 17. Ra3 Rac8 18. Rb3 h5 19. Rb6 e6 20. Bc2 exd5 21. Ba4 Qe7 22. cxd5 Qg5 23. Qf3 Qd8 24. Bxf4 exf4 25. Qxf4 c4 26. Rxb7 Qxa5 27. Bd7 Rc5 28. Rd1 Qa2 29. e5 c3 30. bxc3 Rxd5 1/2-1/2

[Event "Regionalliga NW 1415"]
[Site "Bayern"]
[Date "2014.11.23"]
[Round "3.5"]
[White "Nuernberger, Stefan"]
[Black "Hefter, Franz"]
[Result "1-0"]
[WhiteElo "1986"]
[BlackElo "1804"]
[PlyCount "69"]
[EventDate "2014.10.19"]
[EventType "team-tourn"]
[EventRounds "9"]
[EventCountry "GER"]
[SourceTitle "EXT 2018"]
[Source "ChessBase"]
[SourceDate "2017.10.13"]
[SourceVersion "1"]
[SourceVersionDate "2017.10.13"]
[SourceQuality "1"]
[WhiteTeam "Marktleuthen"]
[BlackTeam "Aschaffenburg Schweinheim"]
[WhiteTeamCountry "GER"]
[BlackTeamCountry "GER"]

1. d4 Nf6 2. Nf3 g6 3. Bg5 Bg7 4. Nbd2 d6 5. e4 h6 6. Bf4 c6 7. Bd3 Nbd7 8. 0-0 0-0 9. c3 e5 10. dxe5 Nh5 11. Be3 Nxe5 12. Be2 Nf6 13. h3 Qe7 14. Qc2 Rd8 15. Rad1 d5 16. Nxe5 Qxe5 17. f4 Qc7 18. e5 Bf5 19. Bd3 Bxd3 20. Qxd3 Nd7 21. c4 b6 22. cxd5 cxd5 23. Rc1 Nc5 24. Qa3 Bf8 25. Nf3 Qb7 26. Qc3 Rac8 27. Nd4 Ne6 28. Qd2 Rxc1 29. Rxc1 Rc8 30. Kh2 Bc5 31. Nxe6 fxe6 32. Qc2 Kg7 33. Bd4 Rc7 34. b4 Bd6 35. exd6+ 1-0

[Event "Regionalliga NW 1314"]
[Site "Bayern"]
[Date "2014.01.19"]
[Round "5.6"]
[White "Buecker, Florian"]
[Black "Nuernberger, Stefan"]
[Result "1/2-1/2"]
[WhiteElo "1981"]
[BlackElo "2032"]
[PlyCount "52"]
[EventDate "2013.10.13"]
[EventType "team-tourn"]
[EventRounds "9"]
[EventCountry "GER"]
[SourceTitle "EXT 2015"]
[Source "ChessBase"]
[SourceDate "2014.11.20"]
[SourceVersion "1"]
[SourceVersionDate "2014.11.20"]
[SourceQuality "1"]
[WhiteTeam "Bamberg"]
[BlackTeam "Marktleuthen"]
[WhiteTeamCountry "GER"]
[BlackTeamCountry "GER"]

1. d4 Nf6 2. Nf3 g6 3. g3 Bg7 4. Bg2 0-0 5. 0-0 d6 6. b3 c5 7. e3 Nc6 8. Bb2 Bf5 9. c3 e5 10. d5 Ne7 11. c4 b5 12. Qe2 bxc4 13. bxc4 Rb8 14. Nc3 Qb6 15. Nd1 Qa6 16. Nd2 Rb6 17. Nb3 Rb4 18. e4 Bg4 19. f3 Bd7 20. Ne3 Ba4 21. Bc3 Rb6 22. Na5 Nd7 23. Bh3 f5 24. Qd3 fxe4 25. fxe4 Rbb8 26. Be6+ Kh8 1/2-1/2

[Event "Regionalliga NW 1213"]
[Site "Bayern"]
[Date "2012.12.09"]
[Round "4.7"]
[White "Mehling, Franziska"]
[Black "Nuernberger, Stefan"]
[Result "1/2-1/2"]
[WhiteElo "1818"]
[BlackElo "2010"]
[PlyCount "57"]
[EventDate "2012.10.14"]
[EventType "team-tourn"]
[EventRounds "9"]
[EventCountry "GER"]
[SourceTitle "EXT 2015"]
[Source "ChessBase"]
[SourceDate "2014.11.20"]
[SourceVersion "1"]
[SourceVersionDate "2014.11.20"]
[SourceQuality "1"]
[WhiteTeam "Stetten"]
[BlackTeam "Marktleuthen"]
[WhiteTeamCountry "GER"]
[BlackTeamCountry "GER"]

1. d4 Nf6 2. c4 g6 3. Nc3 Bg7 4. e4 d6 5. f3 0-0 6. Be3 e5 7. Nge2 Nc6 8. d5 Ne7 9. Qd2 Nd7 10. 0-0-0 f5 11. Kb1 Nf6 12. Nc1 Bd7 13. c5 fxe4 14. fxe4 Ng4 15. Bg1 Bh6 16. Qe2 Nf6 17. Qc2 Bg4 18. Be2 Qd7 19. Nd3 Kh8 20. h3 Bxe2 21. Qxe2 Nh5 22. Bf2 Nf4 23. Nxf4 Bxf4 24. Be3 a6 25. cxd6 cxd6 26. Rhf1 Bxe3 27. Qxe3 Kg7 28. Rc1 Rac8 29. Qe2 1/2-1/2

[Event "Regionalliga NW 1112"]
[Site "Bayern"]
[Date "2012.04.15"]
[Round "9.5"]
[White "Nuernberger, Stefan"]
[Black "Malzer, Werner"]
[Result "1/2-1/2"]
[WhiteElo "2003"]
[BlackElo "1837"]
[PlyCount "57"]
[EventDate "2011.10.02"]
[EventType "team-tourn"]
[EventRounds "9"]
[EventCountry "GER"]
[SourceTitle "EXT 2015"]
[Source "ChessBase"]
[SourceDate "2014.11.20"]
[SourceVersion "1"]
[SourceVersionDate "2014.11.20"]
[SourceQuality "1"]
[WhiteTeam "Marktleuthen"]
[BlackTeam "Kirchenlaibach"]
[WhiteTeamCountry "GER"]
[BlackTeamCountry "GER"]

1. d4 d5 2. Nf3 e6 3. e3 c5 4. c3 Nc6 5. Bd3 Nf6 6. Nbd2 cxd4 7. exd4 Be7 8. 0-0 0-0 9. Re1 Qc7 10. Nf1 Bd6 11. Qe2 Bd7 12. Ne5 Rae8 13. Bg5 Be7 14. Ng3 Bc8 15. Qc2 h6 16. Bf4 Bd6 17. Qd2 Ng4 18. Qe2 Nf6 19. Nh5 Nxh5 20. Qxh5 f5 21. h4 Nxe5 22. dxe5 Bc5 23. Rad1 Qf7 24. Qf3 a6 25. c4 dxc4 26. Bxc4 b5 27. Be2 Bb7 28. Qg3 Kh7 29. Bf3 1/2-1/2

[Event "Regionalliga NW 1112"]
[Site "Bayern"]
[Date "2012.01.15"]
[Round "5.5"]
[White "Krauseneck, Peter"]
[Black "Nuernberger, Stefan"]
[Result "1-0"]
[WhiteElo "2097"]
[BlackElo "2003"]
[PlyCount "123"]
[EventDate "2011.10.02"]
[EventType "team-tourn"]
[EventRounds "9"]
[EventCountry "GER"]
[SourceTitle "EXT 2013"]
[Source "ChessBase"]
[SourceDate "2012.11.22"]
[SourceVersion "1"]
[SourceVersionDate "2012.11.22"]
[SourceQuality "1"]
[WhiteTeam "Bamberg"]
[BlackTeam "Marktleuthen"]
[WhiteTeamCountry "GER"]
[BlackTeamCountry "GER"]

1. e4 d6 2. d4 Nf6 3. Nc3 g6 4. Be2 Bg7 5. Be3 Nbd7 6. Qd2 c6 7. a4 e5 8. dxe5 dxe5 9. h4 h6 10. Rd1 Qe7 11. f3 b6 12. Bc4 Bb7 13. Nge2 Nf8 14. a5 N6d7 15. h5 Qb4 16. Bb3 Nc5 17. Qd6 Na6 18. hxg6 fxg6 19. axb6 axb6 20. Qxb4 Nxb4 21. Bxb6 Nd7 22. Be3 Ke7 23. Na4 Na6 24. Nec3 Rad8 25. Ke2 h5 26. Rd2 Rhe8 27. Rhd1 Bf6 28. Rd6 Nf8 29. Rxd8 Rxd8 30. Nc5 Rxd1 31. Kxd1 Nxc5 32. Bxc5+ Ke8 33. Na4 Ba6 34. Nb6 Bf1 35. g3 Nh7 36. Ke1 Bh3 37. Kf2 Ng5 38. Nc4 Be6 39. Na5 Bxb3 40. Nxb3 Ne6 41. Be3 Be7 42. Na5 Kd7 43. Nc4 Bf6 44. c3 Kc7 45. b4 Kd7 46. Bb6 Nc7 47. Be3 Nb5 48. Bd2 Kc7 49. Kg2 Nd6 50. Nxd6 Kxd6 51. f4 Ke6 52. c4 exf4 53. gxf4 Bd4 54. Kf3 Kd6 55. Be1 Ke6 56. Bf2 Bf6 57. Bc5 Bd8 58. Bd4 Bc7 59. b5 cxb5 60. cxb5 Kd7 61. b6 Bb8 62. Be5 1-0

[Event "Regionalliga NW 0910"]
[Site "Bayern"]
[Date "2009.12.13"]
[Round "4.4"]
[White "Nuernberger, Stefan"]
[Black "Shashkin, Igor"]
[Result "1/2-1/2"]
[WhiteElo "2004"]
[BlackElo "2067"]
[PlyCount "26"]
[EventDate "2009.10.18"]
[EventType "team-tourn"]
[EventRounds "9"]
[EventCountry "GER"]
[SourceTitle "EXT 2011"]
[Source "ChessBase"]
[SourceDate "2010.11.26"]
[SourceVersion "1"]
[SourceVersionDate "2010.11.26"]
[SourceQuality "1"]
[WhiteTeam "Marktleuthen"]
[BlackTeam "Hof"]
[WhiteTeamCountry "GER"]
[BlackTeamCountry "GER"]

1. d4 Nf6 2. Nf3 g6 3. Bg5 Bg7 4. Nbd2 d5 5. e3 0-0 6. Be2 c5 7. c3 b6 8. 0-0 Nc6 9. h3 Bb7 10. Qc2 Rc8 11. Rad1 Qe8 12. Rfe1 Ne4 13. Bf4 e6 1/2-1/2

[Event "Regionalliga NW 0809"]
[Site "Bayern"]
[Date "2008.10.26"]
[Round "2.5"]
[White "Wambach, Juergen"]
[Black "Nuernberger, Stefan"]
[Result "0-1"]
[WhiteElo "1975"]
[BlackElo "2051"]
[PlyCount "88"]
[EventDate "2008.10.05"]
[EventType "team-tourn"]
[EventRounds "9"]
[EventCountry "GER"]
[SourceTitle "EXT 2020"]
[Source "ChessBase"]
[SourceDate "2019.10.17"]
[SourceVersion "1"]
[SourceVersionDate "2019.10.17"]
[SourceQuality "1"]
[WhiteTeam "Klingenberg"]
[BlackTeam "Marktleuthen"]
[WhiteTeamCountry "GER"]
[BlackTeamCountry "GER"]

1. c4 Nf6 2. Nc3 g6 3. g3 Bg7 4. Bg2 0-0 5. e3 d6 6. Nge2 e5 7. 0-0 c6 8. d4 Re8 9. Qc2 Qc7 10. b3 Bf5 11. e4 Bg4 12. f3 Bd7 13. Be3 Na6 14. Qd2 Rad8 15. d5 cxd5 16. cxd5 Rc8 17. Rfc1 Qb8 18. Rc2 b5 19. Rac1 Nb4 20. Rb2 a5 21. a3 Na6 22. b4 axb4 23. axb4 Rc4 24. Ra1 Qb7 25. Nd1 Ra8 26. Nc1 Nc7 27. Rba2 Ra4 28. Nb2 Rcxb4 29. Nxa4 bxa4 30. Bf1 Nh5 31. Qc3 f5 32. Rc2 Ne8 33. Na2 Rb3 34. Qd2 fxe4 35. fxe4 Nhf6 36. Bg2 Ng4 37. Bf2 Bh6 38. Qe1 Nxf2 39. Rxf2 Be3 40. Kh1 Bxf2 41. Qxf2 Rb1+ 42. Rxb1 Qxb1+ 43. Bf1 Bh3 44. Kg1 Bxf1 0-1